000 00606nam a2200193Ia 4500
003 GCL
008 140319s9999 xx 000 0 ara d
040 _aGCL /
_cGCL
082 0 4 _aط
_b229.7
_bع ع
100 1 _aعبدالسلام محمد بدوى
245 1 0 _aناقة الله /
_cعبدالسلام محمد بدوى
260 _a[S.N] :
_bدار المعارف ،
_c1991
300 _a21 ص
490 _aعجائب المخلوقات فى كتاب الله
_v0
650 0 4 _aالاطفال
650 0 4 _aالقصص الدينية
650 0 4 _aالقصص القرآنية
942 _2ddc
_cBK
999 _c57225
_d57225